[Event "PMPJ 2022 - C15"]
[Site "Jastrzebia Gora"]
[Date "2022.11.12"]
[Round "6.5"]
[White "Wandor, Adam"]
[Black "Krol, Jan"]
[Result "1-0"]
[BlackElo "1804"]
[WhiteElo "1585"]
[LiveChessVersion "1.4.4"]

1. e4 c5 {[%clk 1:30:57]} 2. Nf3 {[%clk 1:31:22]} d6 {[%clk 1:31:24]} 3. d4
{[%clk 1:31:46]} cxd4 {[%clk 1:31:51]} 4. Nxd4 {[%clk 1:32:09]} Nf6
{[%clk 1:32:18]} 5. Nc3 {[%clk 1:32:29]} g6 {[%clk 1:32:44]} 6. Be3
{[%clk 1:32:48]} Bg7 {[%clk 1:33:11]} 7. f3 {[%clk 1:28:49]} Nc6 {[%clk 1:33:22]}
8. Qd2 {[%clk 1:28:15]} O-O {[%clk 1:30:41]} 9. Bc4 {[%clk 1:25:38]} Bd7
{[%clk 1:31:00]} 10. Bb3 {[%clk 1:25:52]} Na5 {[%clk 1:27:58]} 11. O-O-O
{[%clk 1:22:56]} Rc8 {[%clk 1:27:55]} 12. Kb1 {[%clk 1:20:32]} a6
{[%clk 1:27:54]} 13. h4 {[%clk 1:18:58]} h5 {[%clk 1:23:48]} 14. Bh6
{[%clk 1:17:14]} Nc4 {[%clk 1:21:45]} 15. Bxc4 {[%clk 1:16:59]} Rxc4
{[%clk 1:22:13]} 16. Bxg7 {[%clk 1:16:19]} Kxg7 {[%clk 1:22:41]} 17. g4
{[%clk 1:01:33]} hxg4 {[%clk 0:50:51]} 18. h5 {[%clk 0:59:42]} Rh8
{[%clk 0:51:02]} 19. hxg6 {[%clk 0:58:58]} fxg6 {[%clk 0:50:39]} 20. f4
{[%clk 0:43:17]} e5 {[%clk 0:20:33]} 21. Nb3 {[%clk 0:31:57]} Nxe4
{[%clk 0:15:22]} 22. Nxe4 {[%clk 0:31:29]} Rxe4 {[%clk 0:15:41]} 23. Rxh8
{[%clk 0:30:36]} Qxh8 {[%clk 0:15:07]} 24. Qxd6 {[%clk 0:30:38]} Qe8
{[%clk 0:14:15]} 25. Qxd7+ {[%clk 0:22:51]} Qxd7 {[%clk 0:14:41]} 26. Rxd7+
{[%clk 0:23:12]} Kh6 {[%clk 0:15:01]} 27. fxe5 {[%clk 0:23:08]} Re1+
{[%clk 0:14:57]} 28. Nc1 {[%clk 0:23:34]} g3 {[%clk 0:15:12]} 29. Rd2
{[%clk 0:19:56]} Rxe5 {[%clk 0:13:30]} 30. Rg2 {[%clk 0:19:04]} Re3
{[%clk 0:13:27]} 31. Ne2 {[%clk 0:17:29]} Kh5 {[%clk 0:12:55]} 32. Nxg3+
{[%clk 0:16:52]} Kh4 {[%clk 0:13:02]} 33. Ne2 {[%clk 0:16:06]} g5
{[%clk 0:12:54]} 34. Kc1 {[%clk 0:15:18]} Re5 {[%clk 0:11:12]} 35. Kd2
{[%clk 0:14:13]} Kh3 {[%clk 0:09:26]} 36. Rg3+ {[%clk 0:12:20]} Kh4
{[%clk 0:09:46]} 37. Rd3 {[%clk 0:10:57]} g4 {[%clk 0:09:16]} 38. Rd7
{[%clk 0:09:24]} b5 {[%clk 0:08:09]} 39. c3 {[%clk 0:04:28]} Kh3 {[%clk 0:07:45]}
40. Rd3+ {[%clk 0:02:56]} Kg2 {[%clk 0:08:03]} 41. Ke1 {[%clk 0:02:55]} Re4
{[%clk 0:08:06]} 42. Rd4 {[%clk 0:02:38]} Re8 {[%clk 0:07:44]} 43. Rxg4+
{[%clk 0:02:53]} Kf3 {[%clk 0:08:12]} 44. Rg3+ {[%clk 0:03:04]} Ke4
{[%clk 0:08:40]} 45. Kd2 {[%clk 0:03:12]} Rd8+ {[%clk 0:09:04]} 46. Nd4
{[%clk 0:01:49]} Rh8 {[%clk 0:09:31]} 47. Rg4+ {[%clk 0:02:01]} Kd5
{[%clk 0:09:50]} 48. Kc2 {[%clk 0:01:57]} Rh2+ {[%clk 0:09:45]} 49. Kb3
{[%clk 0:02:13]} Kc5 {[%clk 0:10:05]} 50. Rg6 {[%clk 0:01:34]} b4
{[%clk 0:10:07]} 51. Rg5+ {[%clk 0:01:35]} Kb6 {[%clk 0:10:33]} 52. cxb4
{[%clk 0:01:27]} Rh3+ {[%clk 0:10:52]} 53. Ka4 {[%clk 0:01:33]} Rh2
{[%clk 0:11:19]} 54. Rg6+ {[%clk 0:01:36]} Kb7 {[%clk 0:11:46]} 55. Ka3
{[%clk 0:01:39]} Rh3+ {[%clk 0:11:56]} 56. Nb3 {[%clk 0:01:34]} Ka7
{[%clk 0:12:19]} 57. Rd6 {[%clk 0:01:30]} Rg3 {[%clk 0:12:27]} 58. Ka4
{[%clk 0:01:36]} Rg2 {[%clk 0:12:54]} 59. Rd2 {[%clk 0:01:46]} Rg5
{[%clk 0:13:22]} 60. Nc5 {[%clk 0:01:41]} Rg6 {[%clk 0:13:07]} 61. Ka5
{[%clk 0:01:25]} 1-0

[Event "PMPJ 2022 - C15"]
[Site "Jastrzebia Gora"]
[Date "2022.11.12"]
[Round "6.6"]
[White "Jankowski, Franciszek"]
[Black "Wierzbicki, Dawid"]
[Result "1/2-1/2"]
[BlackElo "1732"]
[WhiteElo "1500"]
[LiveChessVersion "1.4.4"]

1. d4 {[%clk 1:27:49]} b6 {[%clk 1:30:47]} 2. e4 {[%clk 1:27:32]} Bb7
{[%clk 1:30:53]} 3. Bd3 {[%clk 1:27:42]} d6 {[%clk 1:31:04]} 4. c4
{[%clk 1:24:39]} Nd7 {[%clk 1:31:00]} 5. Nc3 {[%clk 1:24:48]} g6 {[%clk 1:30:22]}
6. Nge2 {[%clk 1:24:14]} Bg7 {[%clk 1:30:43]} 7. Be3 {[%clk 1:24:24]} e5
{[%clk 1:30:44]} 8. d5 {[%clk 1:24:38]} Ne7 {[%clk 1:31:00]} 9. Qd2
{[%clk 1:24:13]} Nc5 {[%clk 1:29:13]} 10. f3 {[%clk 1:20:21]} Nxd3+
{[%clk 1:29:09]} 11. Qxd3 {[%clk 1:20:39]} Qd7 {[%clk 1:28:26]} 12. O-O
{[%clk 1:13:45]} f5 {[%clk 1:28:02]} 13. b4 {[%clk 1:01:42]} f4 {[%clk 1:26:22]}
14. Bf2 {[%clk 1:01:35]} Ba6 {[%clk 1:25:30]} 15. a4 {[%clk 1:00:19]} g5
{[%clk 1:24:51]} 16. a5 {[%clk 0:59:21]} Kf7 {[%clk 1:24:40]} 17. Ra2
{[%clk 0:51:09]} Rhb8 {[%clk 1:19:37]} 18. axb6 {[%clk 0:49:31]} axb6
{[%clk 1:19:13]} 19. Rfa1 {[%clk 0:49:24]} Qc8 {[%clk 1:18:32]} 20. Nb5
{[%clk 0:44:22]} Bxb5 {[%clk 1:17:24]} 21. cxb5 {[%clk 0:44:36]} Rxa2
{[%clk 1:17:10]} 22. Rxa2 {[%clk 0:44:59]} Ra8 {[%clk 1:16:33]} 23. Ra6
{[%clk 0:40:55]} h5 {[%clk 1:11:34]} 24. Qa3 {[%clk 0:38:12]} Rb8
{[%clk 1:10:47]} 25. Ra7 {[%clk 0:32:45]} g4 {[%clk 1:09:05]} 26. Qa6
{[%clk 0:31:34]} gxf3 {[%clk 1:07:46]} 27. Qxc8 {[%clk 0:30:49]} Rxc8
{[%clk 1:07:38]} 28. gxf3 {[%clk 0:30:56]} Bf6 {[%clk 1:08:06]} 29. Nc1
{[%clk 0:25:05]} h4 {[%clk 1:02:28]} 30. h3 {[%clk 0:18:02]} Ke8 {[%clk 0:58:35]}
1/2-1/2

[Event "PMPJ 2022 - C15"]
[Site "Jastrzebia Gora"]
[Date "2022.11.12"]
[Round "6.7"]
[White "Sliz, Karol"]
[Black "Rodziewicz-bielewicz, Kuba"]
[Result "1-0"]
[BlackElo "1274"]
[WhiteElo "1678"]
[LiveChessVersion "1.4.4"]

1. e4 {[%clk 1:30:58]} e5 {[%clk 1:30:47]} 2. Bc4 {[%clk 1:31:24]} Nf6
{[%clk 1:30:49]} 3. d3 {[%clk 1:31:50]} Nc6 {[%clk 1:31:05]} 4. Nc3
{[%clk 1:32:06]} Bc5 {[%clk 1:30:57]} 5. f4 {[%clk 1:32:20]} exf4
{[%clk 1:30:47]} 6. Bxf4 {[%clk 1:32:41]} d6 {[%clk 1:30:44]} 7. Nge2
{[%clk 1:26:41]} Nh5 {[%clk 1:24:38]} 8. Qd2 {[%clk 1:21:23]} Bg4
{[%clk 1:21:10]} 9. O-O-O {[%clk 1:14:59]} Bb4 {[%clk 1:21:06]} 10. Bg5
{[%clk 1:06:57]} Qd7 {[%clk 1:21:08]} 11. Rde1 {[%clk 1:04:21]} h6
{[%clk 1:19:49]} 12. Be3 {[%clk 1:03:31]} O-O-O {[%clk 1:17:37]} 13. a3
{[%clk 1:01:51]} Ba5 {[%clk 1:16:24]} 14. Bb5 {[%clk 0:58:11]} a6
{[%clk 1:16:30]} 15. Ba4 {[%clk 0:57:43]} b5 {[%clk 1:15:04]} 16. Bb3
{[%clk 0:57:48]} Nf6 {[%clk 1:12:40]} 17. Rhf1 {[%clk 0:55:54]} Rhf8
{[%clk 1:10:49]} 18. Nd4 {[%clk 0:53:49]} Be6 {[%clk 1:09:12]} 19. Bxe6
{[%clk 0:38:43]} fxe6 {[%clk 1:09:30]} 20. Nb3 {[%clk 0:38:17]} Ng4
{[%clk 1:00:29]} 21. Bg1 {[%clk 0:36:15]} Bb6 {[%clk 0:59:51]} 22. Bxb6
{[%clk 0:34:53]} cxb6 {[%clk 0:59:57]} 23. h3 {[%clk 0:34:56]} Nge5
{[%clk 0:59:15]} 24. Qe3 {[%clk 0:34:06]} Kb7 {[%clk 0:57:47]} 25. Qg3
{[%clk 0:31:41]} Qe7 {[%clk 0:55:50]} 26. d4 {[%clk 0:30:50]} Nc4
{[%clk 0:55:16]} 27. d5 {[%clk 0:29:21]} exd5 {[%clk 0:53:30]} 28. exd5
{[%clk 0:28:35]} N6e5 {[%clk 0:53:42]} 29. Nd4 {[%clk 0:27:27]} Rxf1
{[%clk 0:52:19]} 30. Rxf1 {[%clk 0:27:49]} Rf8 {[%clk 0:49:19]} 31. Nf5
{[%clk 0:23:12]} Qf6 {[%clk 0:39:11]} 32. Nxd6+ {[%clk 0:22:00]} Qxd6
{[%clk 0:39:22]} 33. Qxg7+ {[%clk 0:22:15]} Nd7 {[%clk 0:39:25]} 34. Rxf8
{[%clk 0:22:16]} Qxf8 {[%clk 0:39:34]} 35. Qxd7+ {[%clk 0:22:40]} Kb8
{[%clk 0:39:51]} 36. Qg4 {[%clk 0:17:32]} Qf1+ {[%clk 0:37:46]} 37. Nd1
{[%clk 0:17:41]} h5 {[%clk 0:37:36]} 38. Qg3+ {[%clk 0:17:16]} Ka7
{[%clk 0:37:45]} 39. Qf3 {[%clk 0:15:17]} Qg1 {[%clk 0:37:57]} 40. Qf7+
{[%clk 0:14:05]} Ka8 {[%clk 0:37:55]} 41. Qf8+ {[%clk 0:14:14]} Ka7
{[%clk 0:38:17]} 42. Qg7+ {[%clk 0:13:53]} Ka8 {[%clk 0:38:38]} 43. d6
{[%clk 0:12:05]} Qe1 {[%clk 0:38:41]} 44. Qf8+ {[%clk 0:11:55]} Kb7
{[%clk 0:38:56]} 45. Qf3+ {[%clk 0:10:40]} Kb8 {[%clk 0:39:14]} 46. Qf8+
{[%clk 0:08:08]} Kb7 {[%clk 0:39:31]} 47. Qe7+ {[%clk 0:08:33]} Qxe7
{[%clk 0:39:54]} 48. dxe7 {[%clk 0:09:00]} Nd6 {[%clk 0:40:10]} 49. Ne3
{[%clk 0:09:19]} Kc6 {[%clk 0:40:31]} 50. Nf5 {[%clk 0:09:29]} Ne8
{[%clk 0:40:53]} 51. Kd2 {[%clk 0:09:28]} Kd7 {[%clk 0:41:10]} 52. Ke3
{[%clk 0:09:13]} Nf6 {[%clk 0:41:34]} 53. Kf4 {[%clk 0:08:38]} Nd5+
{[%clk 0:41:54]} 54. Ke5 {[%clk 0:08:51]} Nc7 {[%clk 0:42:10]} 55. Kf6
{[%clk 0:08:43]} Ne8+ {[%clk 0:42:17]} 56. Kf7 {[%clk 0:08:52]} a5
{[%clk 0:42:41]} 57. g3 {[%clk 0:08:28]} a4 {[%clk 0:43:03]} 58. c3
{[%clk 0:08:48]} 1-0

[Event "PMPJ 2022 - C15"]
[Site "Jastrzebia Gora"]
[Date "2022.11.12"]
[Round "6.8"]
[White "Trzebinski, Patryk"]
[Black "Zieba, Hubert"]
[Result "1-0"]
[BlackElo "1453"]
[WhiteElo "1800"]
[LiveChessVersion "1.4.4"]

1. e4 {[%clk 1:29:21]} c5 {[%clk 1:30:56]} 2. Nf3 {[%clk 1:29:45]} Nc6
{[%clk 1:31:22]} 3. d4 {[%clk 1:29:15]} cxd4 {[%clk 1:31:48]} 4. Nxd4
{[%clk 1:29:38]} g6 {[%clk 1:32:13]} 5. Nxc6 {[%clk 1:29:45]} bxc6
{[%clk 1:32:38]} 6. Qd4 {[%clk 1:30:04]} Nf6 {[%clk 1:33:03]} 7. e5
{[%clk 1:30:12]} Ng8 {[%clk 1:33:27]} 8. Nc3 {[%clk 1:23:29]} Bg7
{[%clk 1:33:51]} 9. Bf4 {[%clk 1:22:58]} Qb6 {[%clk 1:32:22]} 10. O-O-O
{[%clk 1:21:16]} Qxd4 {[%clk 1:31:00]} 11. Rxd4 {[%clk 1:21:44]} d6
{[%clk 1:30:07]} 12. Re4 {[%clk 1:21:30]} Bf5 {[%clk 1:26:51]} 13. Re1
{[%clk 1:21:30]} dxe5 {[%clk 1:26:50]} 14. Bxe5 {[%clk 1:21:52]} Nf6
{[%clk 1:27:02]} 15. Ba6 {[%clk 1:15:39]} Bc8 {[%clk 1:25:04]} 16. Bxc8
{[%clk 1:15:42]} Rxc8 {[%clk 1:25:30]} 17. Bd6 {[%clk 1:10:03]} e6
{[%clk 1:23:52]} 18. Ne4 {[%clk 1:05:02]} Rd8 {[%clk 1:22:26]} 19. Bc5
{[%clk 1:04:49]} Nxe4 {[%clk 1:21:53]} 20. Rxe4 {[%clk 1:03:39]} Rd5
{[%clk 1:20:45]} 21. Bxa7 {[%clk 0:56:13]} Ra5 {[%clk 1:21:07]} 22. Bd4
{[%clk 0:56:37]} Bxd4 {[%clk 1:21:19]} 23. Rxd4 {[%clk 0:57:05]} Rxa2
{[%clk 1:21:28]} 24. Kb1 {[%clk 0:57:30]} Ra7 {[%clk 1:21:03]} 25. Rd6
{[%clk 0:53:47]} Ke7 {[%clk 1:21:02]} 26. Rhd1 {[%clk 0:51:22]} Rha8
{[%clk 1:20:49]} 27. b3 {[%clk 0:51:08]} Ra1+ {[%clk 1:20:59]} 28. Kb2
{[%clk 0:51:34]} Rxd1 {[%clk 1:21:00]} 29. Rxd1 {[%clk 0:52:02]} Ra5
{[%clk 1:20:35]} 30. c4 {[%clk 0:47:12]} Rh5 {[%clk 1:20:10]} 31. h3
{[%clk 0:47:30]} Rg5 {[%clk 1:20:10]} 32. g3 {[%clk 0:47:37]} Rh5
{[%clk 1:16:37]} 33. h4 {[%clk 0:47:52]} g5 {[%clk 1:16:56]} 34. hxg5
{[%clk 0:44:02]} Rxg5 {[%clk 1:17:17]} 35. b4 {[%clk 0:42:29]} f5
{[%clk 1:16:39]} 36. Rh1 {[%clk 0:18:50]} h5 {[%clk 1:16:12]} 37. Kc3
{[%clk 0:18:42]} e5 {[%clk 1:09:39]} 38. Re1 {[%clk 0:05:30]} Ke6
{[%clk 1:07:15]} 39. Rxe5+ {[%clk 0:01:50]} Kxe5 {[%clk 1:06:11]} 40. f4+
{[%clk 0:02:18]} Kf6 {[%clk 1:02:21]} 41. fxg5+ {[%clk 0:02:46]} Kxg5
{[%clk 1:02:45]} 42. b5 {[%clk 0:03:13]} cxb5 {[%clk 1:03:11]} 43. cxb5
{[%clk 0:03:30]} Kg4 {[%clk 1:02:24]} 44. b6 {[%clk 0:03:58]} Kxg3
{[%clk 1:02:47]} 45. b7 {[%clk 0:04:27]} h4 {[%clk 1:03:01]} 46. b8=Q+
{[%clk 0:04:53]} f4 {[%clk 1:03:18]} 47. Kd3 {[%clk 0:04:32]} h3 {[%clk 1:03:40]}
48. Ke2 {[%clk 0:04:49]} Kg2 {[%clk 1:03:42]} 49. Qg8+ {[%clk 0:05:07]} 1-0

[Event "PMPJ 2022 - C15"]
[Site "Jastrzebia Gora"]
[Date "2022.11.12"]
[Round "6.9"]
[White "Grzebieniowski, Michal"]
[Black "Skrzypinski, Jan"]
[Result "1/2-1/2"]
[BlackElo "1490"]
[WhiteElo "1665"]
[LiveChessVersion "1.4.4"]

1. d4 {[%clk 1:30:58]} Nf6 {[%clk 1:30:54]} 2. c4 {[%clk 1:31:24]} g6
{[%clk 1:31:21]} 3. Nc3 {[%clk 1:31:51]} Bg7 {[%clk 1:31:47]} 4. Nf3
{[%clk 1:32:15]} O-O {[%clk 1:32:10]} 5. g3 {[%clk 1:32:42]} d6 {[%clk 1:32:36]}
6. Bg2 {[%clk 1:33:08]} Nc6 {[%clk 1:32:52]} 7. O-O {[%clk 1:33:23]} e5
{[%clk 1:32:48]} 8. e3 {[%clk 1:33:05]} Bg4 {[%clk 1:26:50]} 9. h3
{[%clk 1:33:18]} Bxf3 {[%clk 1:26:36]} 10. Bxf3 {[%clk 1:33:41]} Nd7
{[%clk 1:26:59]} 11. Ne2 {[%clk 1:21:26]} Qf6 {[%clk 1:27:17]} 12. Bxc6
{[%clk 1:21:48]} bxc6 {[%clk 1:27:42]} 13. b3 {[%clk 1:20:33]} Qe6
{[%clk 1:18:17]} 14. Kg2 {[%clk 1:19:03]} exd4 {[%clk 1:17:42]} 15. exd4
{[%clk 1:18:03]} Rfe8 {[%clk 1:18:00]} 16. Be3 {[%clk 1:18:25]} c5
{[%clk 1:12:03]} 17. Rc1 {[%clk 1:18:26]} cxd4 {[%clk 1:12:24]} 18. Nxd4
{[%clk 1:18:48]} Qe4+ {[%clk 1:12:36]} 19. Kh2 {[%clk 1:18:36]} Ne5
{[%clk 1:09:37]} 20. Qc2 {[%clk 1:18:41]} Qxc2 {[%clk 1:05:47]} 21. Rxc2
{[%clk 1:19:02]} a6 {[%clk 0:58:46]} 22. Kg2 {[%clk 1:19:07]} Nd3
{[%clk 0:58:30]} 23. Rd2 {[%clk 1:18:18]} Bxd4 {[%clk 0:58:47]} 24. Bxd4
{[%clk 1:18:05]} Ne1+ {[%clk 0:59:10]} 25. Kh1 {[%clk 1:18:13]} Nf3
{[%clk 0:59:35]} 26. Rd3 {[%clk 1:18:33]} Nxd4 {[%clk 1:00:01]} 27. Rxd4
{[%clk 1:18:53]} Re2 {[%clk 1:00:25]} 28. Kg2 {[%clk 1:18:32]} Rae8
{[%clk 0:58:27]} 29. c5 {[%clk 1:16:25]} dxc5 {[%clk 0:58:29]} 30. Ra4
{[%clk 1:16:47]} R8e6 {[%clk 0:54:12]} 31. Rc1 {[%clk 1:16:32]} Rf6
{[%clk 0:54:32]} 32. Rf1 {[%clk 1:16:31]} Rd6 {[%clk 0:53:31]} 33. Rc1
{[%clk 1:15:46]} Rf6 {[%clk 0:48:50]} 1/2-1/2

[Event "PMPJ 2022 - C15"]
[Site "Jastrzebia Gora"]
[Date "2022.11.12"]
[Round "6.10"]
[White "Borowik, Karol"]
[Black "Lonski, Aleksander"]
[Result "0-1"]
[BlackElo "1656"]
[WhiteElo "1451"]
[LiveChessVersion "1.4.4"]

1. d4 {[%clk 1:30:58]} Nf6 {[%clk 1:30:53]} 2. Nf3 {[%clk 1:31:21]} e6
{[%clk 1:31:08]} 3. c4 {[%clk 1:31:43]} b6 {[%clk 1:31:28]} 4. e3
{[%clk 1:31:30]} Bb7 {[%clk 1:31:26]} 5. Nc3 {[%clk 1:31:27]} Be7
{[%clk 1:30:28]} 6. Bd3 {[%clk 1:30:14]} d5 7. O-O {[%clk 1:27:39]} O-O
{[%clk 1:28:05]} 8. a3 {[%clk 1:26:04]} c5 {[%clk 1:23:19]} 9. b3
{[%clk 1:23:29]} Nbd7 {[%clk 1:20:41]} 10. Qc2 {[%clk 1:20:13]} Rc8
{[%clk 1:18:22]} 11. Bb2 {[%clk 1:19:43]} cxd4 {[%clk 1:12:59]} 12. exd4
{[%clk 1:18:11]} Qc7 {[%clk 1:06:21]} 13. Rac1 {[%clk 1:00:37]} dxc4
{[%clk 0:51:16]} 14. bxc4 {[%clk 0:54:25]} Bxf3 {[%clk 0:47:07]} 15. gxf3
{[%clk 0:54:26]} Qf4 {[%clk 0:47:11]} 16. Ne4 {[%clk 0:48:40]} Qxf3
{[%clk 0:41:58]} 17. Ng3 {[%clk 0:42:36]} Bd6 {[%clk 0:38:16]} 18. Rce1
{[%clk 0:40:05]} h5 {[%clk 0:31:42]} 19. Qe2 {[%clk 0:31:02]} Qf4
{[%clk 0:27:37]} 20. Qe3 {[%clk 0:24:34]} Qh4 21. f4 {[%clk 0:13:23]} b5
{[%clk 0:17:27]} 22. cxb5 {[%clk 0:06:24]} Nd5 {[%clk 0:17:19]} 23. Qe2
{[%clk 0:05:14]} Nxf4 {[%clk 0:15:36]} 24. Rxf4 {[%clk 0:03:53]} Bxf4
{[%clk 0:14:11]} 25. Nxh5 {[%clk 0:02:45]} Bxh2+ {[%clk 0:12:58]} 26. Kf1
{[%clk 0:00:39]} g6 {[%clk 0:10:32]} 27. d5 {[%clk 0:01:01]} gxh5
{[%clk 0:09:12]} 28. Qg2+ Qg3 {[%clk 0:08:57]} 29. Qe4 {[%clk 0:00:59]} Qf4+
{[%clk 0:08:33]} 30. Qxf4 {[%clk 0:01:11]} Bxf4 {[%clk 0:08:57]} 31. Re2
{[%clk 0:01:37]} h4 {[%clk 0:08:07]} 32. Kg1 {[%clk 0:00:58]} e5 {[%clk 0:06:56]}
33. Bf5 {[%clk 0:01:09]} Rcd8 {[%clk 0:06:55]} 34. a4 {[%clk 0:01:04]} Nc5
{[%clk 0:06:29]} 35. d6 {[%clk 0:01:11]} Rxd6 {[%clk 0:05:56]} 36. Ba3
{[%clk 0:01:19]} Rd5 {[%clk 0:05:51]} 37. Be4 {[%clk 0:01:19]} Nxe4
{[%clk 0:05:53]} 38. Bxf8 {[%clk 0:01:42]} Ng3 {[%clk 0:06:05]} 39. Re1
{[%clk 0:01:58]} Kxf8 {[%clk 0:06:29]} 0-1

[Event "PMPJ 2022 - C15"]
[Site "Jastrzebia Gora"]
[Date "2022.11.12"]
[Round "6.11"]
[White "Latacz, Grzegorz"]
[Black "Grabowski, Wojciech"]
[Result "1-0"]
[BlackElo "1448"]
[WhiteElo "1645"]
[LiveChessVersion "1.4.4"]

1. e4 {[%clk 1:30:56]} d6 {[%clk 1:30:48]} 2. d4 {[%clk 1:31:22]} Nf6
{[%clk 1:31:14]} 3. Nc3 {[%clk 1:31:47]} g6 {[%clk 1:31:39]} 4. f3
{[%clk 1:32:09]} a6 {[%clk 1:31:53]} 5. Be3 {[%clk 1:32:20]} b5 {[%clk 1:32:18]}
6. Qd2 {[%clk 1:32:22]} Nbd7 {[%clk 1:31:54]} 7. O-O-O {[%clk 1:25:56]} Nb6
{[%clk 1:31:01]} 8. Bh6 {[%clk 1:16:45]} b4 {[%clk 1:29:45]} 9. Nce2
{[%clk 1:08:28]} a5 {[%clk 1:25:08]} 10. Bxf8 {[%clk 1:00:31]} Rxf8
{[%clk 1:25:34]} 11. Nf4 {[%clk 0:58:43]} Bd7 {[%clk 1:22:00]} 12. e5
{[%clk 0:52:00]} Ng8 {[%clk 1:21:31]} 13. Kb1 {[%clk 0:47:54]} Qb8
{[%clk 1:19:17]} 14. Qe3 {[%clk 0:40:01]} e6 {[%clk 1:14:42]} 15. d5
{[%clk 0:34:27]} Na4 {[%clk 1:13:19]} 16. Ka1 {[%clk 0:31:17]} Nc5
{[%clk 1:13:03]} 17. Bc4 {[%clk 0:29:21]} a4 {[%clk 1:09:47]} 18. exd6
{[%clk 0:25:53]} cxd6 {[%clk 1:10:02]} 19. dxe6 {[%clk 0:24:37]} fxe6
{[%clk 1:08:46]} 20. Nxe6 {[%clk 0:23:17]} Bxe6 {[%clk 1:07:42]} 21. Bxe6
{[%clk 0:23:32]} Ne7 {[%clk 1:08:04]} 22. Kb1 {[%clk 0:18:57]} Rf6
{[%clk 1:03:10]} 23. Bc4 {[%clk 0:18:22]} Kd7 {[%clk 0:59:26]} 24. Qxc5
{[%clk 0:17:31]} 1-0

[Event "PMPJ 2022 - C15"]
[Site "Jastrzebia Gora"]
[Date "2022.11.12"]
[Round "6.12"]
[White "Trochimczuk, Szymon"]
[Black "Klys, Kacper"]
[Result "1-0"]
[BlackElo "1406"]
[WhiteElo "1630"]
[LiveChessVersion "1.4.4"]

1. c4 {[%clk 1:30:59]} Nf6 {[%clk 1:30:54]} 2. Nf3 {[%clk 1:31:18]} e6
{[%clk 1:31:18]} 3. g3 {[%clk 1:31:32]} d5 4. Bg2 {[%clk 1:31:37]} b6
{[%clk 1:31:35]} 5. O-O {[%clk 1:31:49]} Bb7 {[%clk 1:32:04]} 6. cxd5
{[%clk 1:31:19]} exd5 {[%clk 1:32:28]} 7. d4 {[%clk 1:31:43]} Be7
{[%clk 1:32:03]} 8. Nc3 {[%clk 1:30:22]} O-O {[%clk 1:32:10]} 9. b3
{[%clk 1:27:50]} Nbd7 {[%clk 1:32:09]} 10. Bb2 {[%clk 1:27:58]} Rc8
{[%clk 1:31:52]} 11. Rc1 {[%clk 1:27:56]} c5 {[%clk 1:32:00]} 12. e3
{[%clk 1:27:39]} Re8 {[%clk 1:31:14]} 13. Qe2 {[%clk 1:24:24]} Bf8
{[%clk 1:30:27]} 14. Rfd1 {[%clk 1:24:01]} Ne4 {[%clk 1:27:52]} 15. dxc5
{[%clk 1:20:49]} Rxc5 {[%clk 1:26:47]} 16. Nd4 {[%clk 1:14:08]} Ndf6
{[%clk 1:23:35]} 17. Nxe4 {[%clk 1:06:12]} Nxe4 {[%clk 1:23:52]} 18. Ba1
{[%clk 0:51:35]} Qc8 {[%clk 1:15:00]} 19. Qb2 {[%clk 0:50:34]} a6
{[%clk 1:12:13]} 20. Ne2 {[%clk 0:47:40]} Re7 {[%clk 1:09:50]} 21. Rxc5
{[%clk 0:39:36]} bxc5 {[%clk 1:10:05]} 22. Nc3 {[%clk 0:37:07]} Nxc3
{[%clk 1:09:44]} 23. Qxc3 {[%clk 0:37:30]} Rd7 {[%clk 1:09:53]} 24. Bh3
{[%clk 0:37:26]} f6 {[%clk 1:09:45]} 25. Be6+ {[%clk 0:33:24]} Kh8
{[%clk 1:10:12]} 26. Qd3 {[%clk 0:31:08]} Qc6 {[%clk 1:10:14]} 27. Bxd7
{[%clk 0:31:18]} Qxd7 {[%clk 1:10:42]} 28. f3 {[%clk 0:30:26]} Bd6
{[%clk 1:10:39]} 29. Bc3 {[%clk 0:29:39]} h5 {[%clk 1:10:24]} 30. Be1
{[%clk 0:26:19]} f5 {[%clk 1:08:47]} 31. Bf2 {[%clk 0:24:35]} Qe6
{[%clk 1:08:28]} 32. Re1 {[%clk 0:23:57]} Qe5 {[%clk 1:08:22]} 33. a3
{[%clk 0:20:33]} c4 {[%clk 1:08:03]} 34. bxc4 {[%clk 0:18:08]} dxc4
{[%clk 1:08:32]} 35. Qd4 {[%clk 0:17:42]} Qxd4 {[%clk 1:08:32]} 36. exd4
{[%clk 0:18:02]} Bxa3 {[%clk 1:09:07]} 37. Kg2 {[%clk 0:16:43]} c3
{[%clk 1:09:05]} 38. Be3 {[%clk 0:16:49]} Bd5 {[%clk 1:09:26]} 39. Bc1
{[%clk 0:16:24]} Bb4 {[%clk 1:09:31]} 40. Re5 {[%clk 0:16:10]} Bc4
{[%clk 1:10:00]} 41. Rxf5 {[%clk 0:14:51]} g6 {[%clk 1:10:29]} 42. Re5
{[%clk 0:14:31]} a5 {[%clk 1:10:54]} 43. Re8+ {[%clk 0:14:19]} Kg7
{[%clk 1:11:22]} 44. Rc8 {[%clk 0:13:21]} Bd5 {[%clk 1:11:20]} 45. Rd8
{[%clk 0:13:14]} Bc6 {[%clk 1:11:11]} 46. d5 {[%clk 0:11:04]} Bb5
{[%clk 1:11:36]} 47. Rc8 {[%clk 0:09:05]} a4 {[%clk 1:11:24]} 48. Rb8
{[%clk 0:08:31]} a3 {[%clk 1:11:51]} 49. Rxb5 {[%clk 0:08:37]} 1-0

[Event "PMPJ 2022 - C15"]
[Site "Jastrzebia Gora"]
[Date "2022.11.12"]
[Round "6.13"]
[White "Bajer, Tomasz"]
[Black "Sniadecki, Oskar"]
[Result "1/2-1/2"]
[BlackElo "1615"]
[WhiteElo "1409"]
[LiveChessVersion "1.4.4"]

1. Nf3 {[%clk 1:30:57]} d5 {[%clk 1:30:53]} 2. c4 {[%clk 1:31:10]} Nf6
{[%clk 1:30:56]} 3. g3 {[%clk 1:31:26]} c5 {[%clk 1:31:11]} 4. Bg2
{[%clk 1:31:36]} Nc6 {[%clk 1:31:27]} 5. O-O {[%clk 1:31:43]} g6 {[%clk 1:31:46]}
6. d3 {[%clk 1:30:16]} d4 {[%clk 1:32:05]} 7. Nbd2 {[%clk 1:30:09]} Bg7
{[%clk 1:31:29]} 8. a3 {[%clk 1:29:55]} a5 {[%clk 1:31:53]} 9. Rb1
{[%clk 1:20:44]} O-O {[%clk 1:30:11]} 10. Ne1 {[%clk 1:20:18]} e5
{[%clk 1:28:55]} 11. Nc2 {[%clk 1:20:13]} a4 {[%clk 1:28:35]} 12. b4
{[%clk 1:16:22]} axb3 {[%clk 1:28:40]} 13. Nxb3 {[%clk 1:16:46]} Qd6
{[%clk 1:23:44]} 14. a4 {[%clk 1:07:28]} Re8 {[%clk 1:13:06]} 15. Na3
{[%clk 1:05:02]} e4 {[%clk 0:51:30]} 16. Nb5 {[%clk 1:00:30]} Qe7
{[%clk 0:37:36]} 17. Ba3 {[%clk 0:37:13]} b6 {[%clk 0:29:09]} 18. N3xd4
{[%clk 0:26:07]} Nxd4 {[%clk 0:27:29]} 19. Nxd4 {[%clk 0:26:25]} Bg4
{[%clk 0:20:42]} 20. Qc2 {[%clk 0:18:29]} Qa7 {[%clk 0:18:51]} 21. Nb5
{[%clk 0:17:05]} Qxa4 {[%clk 0:18:42]} 22. Qxa4 {[%clk 0:15:20]} Rxa4
{[%clk 0:19:01]} 23. dxe4 {[%clk 0:11:08]} Bxe2 {[%clk 0:18:01]} 24. Rfe1
{[%clk 0:11:33]} Bxc4 {[%clk 0:16:28]} 25. Nd6 {[%clk 0:11:53]} Re6
{[%clk 0:11:40]} 26. e5 {[%clk 0:08:26]} Ba2 {[%clk 0:08:50]} 27. Ra1
{[%clk 0:03:19]} Rxa3 {[%clk 0:08:44]} 28. Re2 {[%clk 0:02:36]} Bc4
{[%clk 0:08:11]} 29. Rxa3 {[%clk 0:02:44]} Bxe2 {[%clk 0:08:36]} 30. Ra8+
{[%clk 0:02:48]} Bf8 {[%clk 0:08:48]} 31. f4 {[%clk 0:01:54]} Ng4
{[%clk 0:05:48]} 32. Bd5 {[%clk 0:01:45]} Re7 {[%clk 0:05:40]} 33. Ne8
{[%clk 0:01:23]} Kh8 {[%clk 0:05:28]} 34. h3 {[%clk 0:01:05]} Ne3
{[%clk 0:05:08]} 35. Nf6 {[%clk 0:00:47]} Kg7 {[%clk 0:03:02]} 36. Ba2 Bc4
{[%clk 0:03:11]} 37. Bxc4 {[%clk 0:00:47]} Nxc4 {[%clk 0:03:37]} 38. Ne8+
{[%clk 0:01:10]} Kh6 {[%clk 0:02:34]} 39. Nf6 {[%clk 0:01:14]} Bg7
{[%clk 0:01:42]} 40. Ng8+ {[%clk 0:01:38]} Kh5 {[%clk 0:02:02]} 41. Nxe7
{[%clk 0:01:55]} Ne3 {[%clk 0:01:44]} 42. Rb8 {[%clk 0:01:10]} b5
{[%clk 0:01:38]} 43. Rxb5 {[%clk 0:01:25]} Bf8 {[%clk 0:01:51]} 44. Kf2
{[%clk 0:00:53]} Nd1+ {[%clk 0:02:09]} 45. Ke1 {[%clk 0:00:52]} Ne3
{[%clk 0:02:18]} 46. Ke2 {[%clk 0:01:03]} Nc2 {[%clk 0:01:48]} 47. Rxc5
{[%clk 0:00:39]} Nd4+ {[%clk 0:02:10]} 48. Kd3 {[%clk 0:01:00]} Ne6
{[%clk 0:02:31]} 49. Ra5 {[%clk 0:00:33]} 1/2-1/2